Cicero the statesman
Guardat en:
| Autor principal: | |
|---|---|
| Format: | Llibre |
| Idioma: | anglès |
| Publicat: |
Cambridge
Cambridge University
1966
|
| Matèries: | |
| Etiquetes: |
Afegir etiqueta
Sense etiquetes, Sigues el primer a etiquetar aquest registre!
|
MARC
| LEADER | 00000nam a2200000 a 4500 | ||
|---|---|---|---|
| 001 | UCP9438 | ||
| 003 | CL-VaPUC | ||
| 008 | 000324e19660000uk |||||||||||||||||eng|d | ||
| 082 | 0 | 4 | |a 923.2 |b SMI |2 21 |
| 100 | 0 | |a Smith, R. E |e author |9 440016 | |
| 245 | 1 | 0 | |a Cicero the statesman |
| 300 | |a 268 p | ||
| 942 | |c BK | ||
| 945 | |d 20000324 00:00:00 |a rherrera | ||
| 260 | |a Cambridge |b Cambridge University |c 1966 | ||
| 600 | 0 | |a Cicerón, Marco Tulio |e autor |9 255203 | |
| 650 | 0 | |a Biografías |9 255210 | |
| 650 | 0 | |a Oradores |9 439350 | |
| 650 | 0 | |a Políticos |9 256302 | |
| 650 | 0 | |a Historia antigua |9 267521 | |
| 650 | 7 | |a ROMA |2 CL-VaPUC |9 317375 | |
| 650 | 0 | |a República romana |9 433651 | |
| 583 | |a last modification |c 20130724 07:15:15 |k Rodrigo Vera | ||
| 999 | |c 286251 |d 286249 | ||
| 952 | |0 0 |1 0 |4 0 |6 923_200000000000000_SMI_1966 |7 0 |8 A |9 331770 |a BIBHIS |b BIBHIS |d 2019-11-20 |i 1389963 |o 923.2 SMI 1966 |p 1389963 |r 2025-01-20 |w 2019-11-20 |y BK |k HIS | ||